000 00850nam a2200301Ia 4500
001 1705
003 IT-RoPAU
008 130308s9999 xx 000 0 und d
040 _aIT-RoPAU
040 _cIT-RoPAU
041 _aFRANCESE
100 _aMiller Jacques-Alain
100 _gCodice Aut. SPICS: 3742
245 _aSuture (La)-Elements de la logique du signifiant
245 _bCahiers pour L'Analyse
250 _a3a ed.
260 _aPARIS
260 _bSeuil
260 _c1975 [1° Ed.:1966 - Ed.Ling.Originale:1966]
300 _a"13 p. (prefazione: no ; testo: 13 [pagine: 37-49])"
500 _aElementi di Logica del significante Sutura Zero e Uno Rapporto Soggetto Significante
650 _aEPISTEMOLOGIA
650 _eCodice materia Spics: 3051
942 _cBK
957 _71
999 _c38881
_d38881
999 _bSI
999 _g1